=LDR 00000nam 2200000 4500 =001 INLIS000000000035614 =005 20130612141446 =008 ***********************************Ind** =035 ##$$0010-061300000035614 =041 ##$$a Ind =082 ##$$a 028.5 =090 ##$$a 028.5, Dad m =100 ##$$a Dadang =245 ##$$a Mengais rezeki dari telur asin ayam buras, Dadang =260 ##$$a 1996 $b Surabaya =300 ##$$a iv, 86 hlm, ilus, 20 cm =650 ##$$a Bacaan anak-anak =850 ##$$a NBPNMAT